Hombres ilustres de la ciudad de Jerez de la Frontera (Record no. 161356)

MARC details
000 -LEADER
campo de control de longitud fija 00847nam a22002175i 4500
001 - NÚMERO DE CONTROL
campo de control 161356
003 - IDENTIFICADOR DE NÚMERO DE CONTROL
campo de control ES-MaACL
005 - FECHA Y HORA DE LA ÚLTIMA TRANSACCIÓN
campo de control 20250724063423.0
008 - DATOS DE LONGITUD FIJA--INFORMACIÓN GENERAL
campo de control de longitud fija 000107s1878 sp |||| | spa d
040 ## - FUENTE DE CATALOGACIÓN
Centro catalogador/agencia de origen CCPB | B
Lengua de catalogación spa
Centro/agencia transcriptor CCPB | B
080 ## - NÚMERO DE LA CLASIFICACIÓN DECIMAL UNIVERSAL
Número de la Clasificación Decimal Universal 929(460.355 Jerez)
080 ## - NÚMERO DE LA CLASIFICACIÓN DECIMAL UNIVERSAL
Número de la Clasificación Decimal Universal 94(460.355 Jerez)
100 1# - ENTRADA PRINCIPAL--NOMBRE DE PERSONA
Nombre de persona Parada y Barreto, Diego Ignacio,
Fechas asociadas al nombre 1829-1881
9 (RLIN) 130822
245 10 - MENCIÓN DEL TÍTULO
Título Hombres ilustres de la ciudad de Jerez de la Frontera
Resto del título : precedidos de un resumen histórico de la misma poblacion /
Mención de responsabilidad, etc. por Diego Ignacio Parada y Barreto.
260 ## - PUBLICACIÓN, DISTRIBUCIÓN, ETC.
Lugar de publicación, distribución, etc. Jerez :
Nombre del editor, distribuidor, etc. [s.n.],
Fecha de publicación, distribución, etc. 1878 (
Fabricante Imprenta del Guadalete, á cargo de Tomás Bueno)
300 ## - DESCRIPCIÓN FÍSICA
Extensión 16, XC, 508 p. ;
Dimensiones 24 cm.
650 #4 - PUNTO DE ACCESO ADICIONAL DE MATERIA--TÉRMINO DE MATERIA
Término de materia o nombre geográfico como elemento de entrada Jerezanos-
Subdivisión general Biografías.
9 (RLIN) 142362
651 #4 - PUNTO DE ACCESO ADICIONAL DE MATERIA--NOMBRE GEOGRÁFICO
Nombre geográfico Jerez de la Frontera-
Subdivisión general Historia.
9 (RLIN) 142363
852 ## - LOCALIZACIÓN
Ubicación ES-MaACL
Número de control de estantería G-15528
Holdings
Estatus retirado Estado de pérdida Estado de daño No para préstamo Colección Biblioteca de origen Biblioteca actual Ubicación en estantería Fecha de adquisición Fuente de adquisición Total de préstamos Signatura topográfica completa Código de barras Visto por última vez Precio de reemplazo Tipo de ítem Koha
        Libros del s. XIX Biblioteca del Ateneo de Madrid Biblioteca del Ateneo de Madrid Sala Pecera Planta 3 17/01/2008     G-15528 1169011 23/02/2023 23/02/2023 Libro impreso antiguo